Central Library OPAC University of Rajshahi

Selected articles on the teaching of English as a foreign language / (Record no. 50786)

MARC details
000 -LEADER
fixed length control field 00808nam a2200241 a 4500
001 - CONTROL NUMBER
control field 50786
003 - CONTROL NUMBER IDENTIFIER
rucl marc code BD-RjUL
005 - DATE AND TIME OF LATEST TRANSACTION
control field 20211209075550.0
008 - FIXED-LENGTH DATA ELEMENTS--GENERAL INFORMATION
fixed length control field 160828s1967 enka b 000 0 eng d
035 ## - SYSTEM CONTROL NUMBER
System control number (BD-RjUL)50906
040 ## - CATALOGING SOURCE
Original cataloging agency BD-RjUL
Language of cataloging eng
Transcribing agency BD-RjUL
Modifying agency BD-RjUL
041 ## - LANGUAGE CODE
Language code of text/sound track or separate title eng
082 ## - DEWEY DECIMAL CLASSIFICATION NUMBER
Edition number 23
Classification number 428.007
Author mark and year HIS 1967
100 10 - MAIN ENTRY--PERSONAL NAME
Personal name Hill, L. A.
Fuller form of name (Leslie Alexander)
9 (RLIN) 133007
245 10 - TITLE STATEMENT
Title Selected articles on the teaching of English as a foreign language /
Statement of responsibility, etc. L. A. Hill
260 ## - PUBLICATION, DISTRIBUTION, ETC. (IMPRINT)
Place of publication, distribution, etc. London :
Name of publisher, distributor, etc. Oxford University Press,
Date of publication, distribution, etc. c1967
300 ## - PHYSICAL DESCRIPTION
Pagination 142 p. :
Illustrations ill. ;
Size 20 cm
490 1# - SERIES STATEMENT
Series statement Language and language learning ;
Volume/sequential designation 13
650 #0 - SUBJECT ADDED ENTRY--TOPICAL TERM
Topical term or geographic name as entry element English language
General subdivision Study and teaching
-- Foreign speakers
9 (RLIN) 118368
830 #0 - SERIES ADDED ENTRY--UNIFORM TITLE
Uniform title Language and language learning ;
Volume number/sequential designation 13
942 ## - ADDED ENTRY ELEMENTS (KOHA)
Source of classification or shelving scheme Dewey Decimal Classification
Koha item type Books
Holdings
Lost status Source of classification or shelving scheme Damaged status Not for loan Collection code Permanent Location Current Location Shelving location Date acquired Source of acquisition Cost, normal purchase price Total Checkouts Full call number Date last seen Copy number Koha item type
  Dewey Decimal Classification     Non-fiction Central Library, University of Rajshahi Central Library, University of Rajshahi   04/02/1973 Oxford university press 11.00   428.007 HIS 1967 28/08/2016 C-2 Books